000 00306nam a2200133Ia 4500
003 LK-CoDNM
008 010623t xxu||||| |||| 00| 1 eng d
040 _aLK-CoDNM
_dLK-CoDNM
_eLK-CoDNM
041 _aeng
080 _a294.3 THE
245 _aThe Mirror of the Dhamma
300 _b78p., 15 cm
942 _cBK
999 _c136363
_d136363